00456 2200181 4500001002100000005001500021008004100036020002200077035001900099041000700118082001000125090001600135100001600151245001600167260004100183300001900224650003100243INLIS00000000001811020241224115436241224||||||||| | ||| |||| || |  a978-979-27-0556-0 0010-1224018110 aid0 a741.3 a741.3 KOS n0 aRYO KOSHINO00aNurse Aoi 4 aJakartabElex Media Komputindoc2008 a187hlm;13x18cm 0aMenggambar & Seni dekorasi